top 10 landen waar de meeste mensen wonen - Statistieken

Algemene statistieken
  • Deze quiz is 42 keer genomen
  • De gemiddelde score is 7 van 10
Antwoordstatistieken
Antwoord % Correct
china
100%
india
94%
brazilië
88%
rusland
88%
mexico
66%
nigeria
66%
bangladesh
63%
indonesië
63%
pakistan
63%
verenigde staten van amerika
22%
Geen overeenkomende quizzen gevonden
Scoreverdeling
Procent van Mensen met Elke Score
Percentiel versus Aantal Correcte Antwoorden
Uw Scoregeschiedenis
U heeft deze quiz nog niet genomen